000
00329 a2200109 4500
001
ART_49462
005
20260410162042.0
008
260409a
245
1
0
_a
El régimen de promoción de la economía del conocimiento
100
1
_a
Coronello, Silvina E.
773
0
_t
Impuestos
_g
- N°56 (jul. 2019)
_w
REV45175
999
_c
35031
_d
35031